Arctic Monkeys Lyrics - The Hellcat Spangled Shalalala - Statistics

General Stats
  • This quiz has been taken 67 times
    59 since last reset
  • The average score is 134 of 167
Answer Stats
Lyrics % Correct
Shalalala
94%
shalalala
94%
the
94%
a
91%
hellcat
91%
I
91%
spangled
91%
In
89%
in
89%
of
89%
to
89%
you
89%
are
86%
complicated
86%
devil's
86%
eye
86%
f***ing
86%
get
86%
Just
86%
pedicure
86%
Sing
86%
when
86%
When
86%
your
86%
and
83%
And
83%
'em
83%
For
83%
for?
83%
if
83%
my
83%
put
83%
storm
83%
things
83%
thinking
83%
too
83%
waiting
83%
What
83%
cap
80%
dark
80%
getting
80%
glow
80%
It
80%
it
80%
out
80%
see
80%
tip
80%
tongue
80%
another
77%
booby-
77%
did
77%
ever
77%
feeling
77%
have
77%
her
77%
Her
77%
Home
77%
home,
77%
home
77%
me
77%
on
77%
red-
77%
She
77%
sweet
77%
That
77%
trap
77%
batteries
74%
before?
74%
blow
74%
candles
74%
does
74%
hands
74%
hot
74%
like
74%
may
74%
said
74%
She's
74%
she's
74%
these
74%
thought
74%
took
74%
you're
74%
'Cause
71%
cavern
71%
done
71%
fun
71%
gets
71%
leaves
71%
looked
71%
revelation
71%
steady
71%
acting
69%
Makes
69%
Off
69%
stranger
69%
wanna
69%
well
69%
dozen
66%
got
66%
judgement's
63%
Oh,
63%
oh-
63%
oh
63%
supercharged
63%
flicks
60%
wall
60%
Hanging
57%
mysticism
57%
telescopic
57%
up
54%
somersaults
51%
run
46%
hallelujah
43%
No matching quizzes found
Score Distribution
Percent of People with Each Score
Percentile by Number Answered
Your Score History
You have not taken this quiz since the last reset